| 000 | 00506nam a22001697a 4500 | ||
|---|---|---|---|
| 999 |
_c9495 _d9495 |
||
| 003 | GBCCL | ||
| 005 | 20241126110713.0 | ||
| 008 | 230214b ||||| |||| 00| 0 eng d | ||
| 020 | _a9789389998153 | ||
| 040 | _cgbc | ||
| 082 |
_a228.07 _bSUN |
||
| 100 |
_aSunder, L Shanthakumari _916546 |
||
| 245 |
_aRevelation made easy : _ba commentary on the book of Reveletion in a lay person's language |
||
| 300 | _a396p. ; | ||
| 650 |
_aBible _vNew Testament _xRevelation _xcommentary _916547 |
||
| 942 |
_2ddc _cBK _01 |
||